1421 1606 1501 1319 1531 1628 1020 1849 1558 1386 1747 1305 1123 1336 1855 1543 1625 1150 1699 1967 1036 1699 1472 1720 1846 1720 1617 1135 1454 1572 1618 1584 1263 1368 1204 1192 1929 1297 1438 1430 1123 1876 1174 1479 1482 1937 1165 1343 1255 1391 1046 1699 1475 1376 1012 1196 1958 1875 1082 1761 1404 1666 1218 1999 1721 1932 1975 1743 1627 1362 1927 1775 1630 1015 1004 1278 1473 1979 1953 1163 1367 1440 1727 1791 1302 1993 1712 1111 1417 1054 1903 1830 1277 1066 1786 1903 1325 1494 1526 BCNSPRNW ULIB Ver.6.0+V

เปลี่ยนเป็นภาษาไทย

Change to English
 แสดงรายละเอียดบรรณานุกรม
  กลับหน้าหลัก

Brief Record : Get Marc (ISO 2709) : E-mail record : QR code < ปิดหน้าต่าง
LEADER : 00000nam 2200000uu 4500
001    13399124849
003     ULIB
008    020711s2558 th a 000 0 tha d
020    9786163980311
060    WY16^bอ792พ
100    อุดมรัตน์ สงวนศิริธรรม
245    พฤติกรรมจริยธรรมของพยาบาลวิชาชีพ/^cอุดมรัตน์ สงวนศิริธรรม
250    พิมพ์ครั้งที่ 1
260    เชียงใหม่ :^bมหาวิทยาลัยเชียงใหม่,^c2558
300    135 หน้า;^b24.5 ซม.
650    จริยธรรม^xพยาบาล
650    พยาบาล^xวิชาชีพ
700    สมใจ ศิระกมล
710    มหาวิทยาลัยเชียงใหม่^bโครงการตำราคณะพยาบาลศาสตร์
945    ^p180^l0^i23356
945    ^p180^l0^i23357
945    ^p180^l0^i23358
945    ^p180^l0^i23359
945    ^p180^l0^i23360
รายการนี้ยังไม่มีแท็ก
คุณยังไม่ได้ล็อกอิน คุณสามารถมีกิจกรรมร่วมกับเว็บไซต์ได้ แต่ต้องล็อกอินก่อน ::
  ล็อกอิน

รายการสื่อสารสนเทศ

ลำดับที่ ประเภท เลขเรียก/บาร์โค้ด สถานที่ สถานะ
1. Book การพยาบาล
Book การพยาบาล
สถานะ=หนังสือเก่า
WY16 อ792พ ฉ.1 
  Barcode: 23356
ห้องสมุดวิทยาเขตนครสวรรค์
►ส่วนจัดเก็บหนังสือเก่า นว.
บนชั้น
  ขอยืม
2. Book การพยาบาล
Book การพยาบาล
สถานะ=หนังสือเก่า
WY16 อ792พ ฉ.2 
  Barcode: 23357
ห้องสมุดวิทยาเขตนครสวรรค์
►ส่วนจัดเก็บหนังสือเก่า นว.
บนชั้น
  ขอยืม
3. Book การพยาบาล
Book การพยาบาล
สถานะ=หนังสือเก่า
WY16 อ792พ ฉ.3 
  Barcode: 23358
ห้องสมุดวิทยาเขตนครสวรรค์
►ส่วนจัดเก็บหนังสือเก่า นว.
บนชั้น
  ขอยืม
4. Book การพยาบาล
Book การพยาบาล
สถานะ=หนังสือเก่า
WY16 อ792พ ฉ.4 
  Barcode: 23359
ห้องสมุดวิทยาเขตนครสวรรค์
►ส่วนจัดเก็บหนังสือเก่า นว.
บนชั้น
  ขอยืม
5. Book การพยาบาล
Book การพยาบาล
สถานะ=หนังสือเก่า
WY16 อ792พ ฉ.5 
  Barcode: 23360
ห้องสมุดวิทยาเขตนครสวรรค์
►ส่วนจัดเก็บหนังสือเก่า นว.
บนชั้น
  ขอยืม

รายการใกล้เคียง
    ผู้แต่ง [อุดมรัตน์ สงวนศิริธรรม]

BibComment


ยังไม่เคยถูกคอมเมนท์

คอมเมนท์ทรัพยากรรายการนี้
  คอมเมนท์: พฤติกรรมจริยธรรมข..


 Copyright 2026. Bcnsprnw @Library